Workplace Health & Safety

Salvato in:
Dettagli Bibliografici
Natura: Periodico
Lingua:inglese
Pubblicazione: London SAGE Publishing
Tags: Aggiungi Tag
Nessun Tag, puoi essere il primo ad aggiungerne!!

MARC

LEADER 00000nas1a2200000 4500
001 0269991
005 20250701092109.5
022 |a 2165-0969 
022 |a 2165-0799 
041 0 |a eng 
044 |a US 
245 1 0 |a Workplace Health & Safety 
264 1 |a London  |b SAGE Publishing